000 00286nam a22001337a 4500
008 170628b xxu||||| |||| 00| 0 eng d
020 _a9780321971661
041 _aeng
080 _213TH
_a82
100 _a21
101 _aGJL
245 _aLITERATURE
_cKENNEDY,X.J
942 _2udc
_cBK
999 _c19370
_d19370